| 000 | 00981nam a22002297a 4500 | ||
|---|---|---|---|
| 999 |
_c652 _d652 |
||
| 001 | 003733 | ||
| 003 | CoMeUDC003733 | ||
| 005 | 20190111203811.0 | ||
| 008 | 970829s1994 col 10010 d | ||
| 037 | _aD | ||
| 040 | _cCoMeUDC | ||
| 092 |
_a346.03 _bT822 |
||
| 111 |
_aTribunal Nacional de Ética Médica _d(1994 _c: Bogotá) _9982 |
||
| 245 | 1 | 0 | _aEtica y responsabilidad en medicina / |
| 260 |
_aBogotá : _bTribunal Nacional de Etica Médica , _c1994 |
||
| 300 | _a118 p. | ||
| 505 | _aContenido: Reflexiones filosóficas para una ética médica. Etica médica y bioetica. Etica médica y responsabilidad legal. La responsabilidad penal del médico frente al acto médico. Aspectos civiles de la responsabilidad médica. El médico católico frente al magisterio de la iglesia | ||
| 650 | _aÉtica médica | ||
| 650 | _aResponsabilidad médica | ||
| 942 |
_2ddc _cBK |
||
| 949 |
_a174.2 E56e _c1 _i39983000249294 _mBG _lC.GENERAL _tLIBRO _kC.GENERAL _o.COMMENT. 65896 / 28-03-95 |
||